|
|
|
|
| LEADER |
00000nbm0a2200000 4500 |
| 001 |
351077 |
| 005 |
20231102010352.0 |
| 035 |
|
|
|a (RuTPU)RU\TPU\retro\5509
|
| 090 |
|
|
|a 351077
|
| 100 |
|
|
|a 20190321j1939 k y0rusy50 ca
|
| 101 |
0 |
|
|a rus
|
| 102 |
|
|
|a RU
|
| 105 |
|
|
|a a m 001zy
|
| 200 |
1 |
|
|a Параметры рудничной электровозной откатки. (Троллейной)
|e диссертация на соискание ученой степени кандидата технических наук
|f Е. М. Пухов
|g Томский индустриальный институт (ТИИ)
|
| 210 |
|
|
|a Томск
|c [Б. и.]
|d 1939
|
| 215 |
|
|
|a 94 л.
|c ил.
|
| 320 |
|
|
|a Библиогр.: 92 л. ( 20 назв.)
|
| 606 |
1 |
|
|a Электровозы рудничные
|2 stltpush
|3 (RuTPU)RU\TPU\subj\19774
|9 44943
|
| 610 |
1 |
|
|a вагоны
|
| 610 |
1 |
|
|a электровозная откатка
|
| 610 |
1 |
|
|a электровозный транспорт
|
| 610 |
1 |
|
|a депо
|
| 610 |
1 |
|
|a вес
|
| 610 |
1 |
|
|a состав
|
| 610 |
1 |
|
|a торможение
|
| 610 |
1 |
|
|a тормозные тяги
|
| 610 |
1 |
|
|a тяговые двигатели
|
| 610 |
1 |
|
|a контактная сеть
|
| 610 |
1 |
|
|a рельсовые цепи
|
| 610 |
1 |
|
|a коллекция ТПУ
|
| 610 |
1 |
|
|a диссертации
|
| 610 |
1 |
|
|a труды учёных ТПУ
|
| 675 |
|
|
|a 622.683(04)
|v 4
|
| 700 |
|
1 |
|a Пухов
|b Е. М.
|c преподаватель на кафедре электрических машин ТИИ с 1937 г.
|c выпускник ТЭИИТ 1933 г.
|f 1888-?
|g Евгений Михайлович
|2 stltpush
|3 (RuTPU)RU\TPU\pers\22831
|9 9809
|
| 712 |
0 |
2 |
|a Томский индустриальный институт (ТИИ)
|c (1934-1944)
|2 stltpush
|3 (RuTPU)RU\TPU\col\9243
|
| 801 |
|
1 |
|a RU
|b 63413507
|c 20190321
|
| 801 |
|
2 |
|a RU
|b 63413507
|c 20200923
|g RCR
|
| 942 |
|
|
|c BK
|